Commonwealth Games Host Cities - Statistics

General Stats
  • This quiz has been taken 115 times
    40 since last reset
  • The average score is 21 of 24
Answer Stats
Year Country City % Correct
2022 England Birmingham
96%
1958 Wales Cardiff
96%
2010 India Delhi
96%
1970 Scotland Edinburgh
96%
1986 Scotland Edinburgh
96%
2014 Scotland Glasgow
96%
2026 Scotland Glasgow
96%
1966 Jamaica Kingston
96%
1934 England London
96%
2006 Australia Melbourne
96%
1950 New Zealand Auckland
93%
1990 New Zealand Auckland
93%
1998 Malaysia Kuala Lumpur
93%
2002 England Manchester
93%
1962 Australia Perth
93%
1938 Australia Sydney
93%
1982 Australia Brisbane
89%
1954 Canada Vancouver
89%
1974 New Zealand Christchurch
86%
2018 Australia Gold Coast
82%
1978 Canada Edmonton
75%
1994 Canada Victoria
57%
1930 Canada Hamilton
50%
2030 India Ahmedabad
43%
No matching quizzes found
Score Distribution
Percent of People with Each Score
Percentile by Number Answered
Your Score History
You have not taken this quiz since the last reset